Dinamičeskaja teorija grupp i polej /

Salvato in:
Dettagli Bibliografici
Autore principale: De, Witt Bryce S (Autore)
Natura: Libro
Pubblicazione: Moskva : Nauka, 1987
Tags: Aggiungi Tag
Nessun Tag, puoi essere il primo ad aggiungerne!!

MARC

LEADER 00000nam a22000003a 4500
001 stu48110
005 20150617225702.1
008 ------s1987----xxr---------------------d
040 |a STU  |b slo 
041 0
044 |a xxr 
080 |a 530.145 
100 1 |a De, Witt Bryce S  |4 aut 
245 1 |a Dinamičeskaja teorija grupp i polej /  |c [aut.] De,Witt Bryce S 
260 |a Moskva :  |b Nauka,  |c 1987 
300 |a 287 s 
996 |b J82145  |c J*82145/K 16  |l JJK16  |s P  |a 0  |w stu48110_0001